000 00471nam a2200157Ia 4500
008 100204s9999 xx 000 0 und d
082 _b28819
100 _aगोविलकर सुमती
245 _aस्वरसुधा
250 _a0
260 _b"पारस पब्लिकेशन , कोल्हापूर"
_c2007
300 _a200
630 _aस्वरसुधा
730 _aस्वरसुधा
942 _cBOOK
999 _c473996
_d473993